[Event "Oberfranken-ch"]
[Site "Schney"]
[Date "2018.01.04"]
[Round "3"]
[White "Kuespert, Helmut"]
[Black "Voelker, Daniel"]
[Result "1-0"]
[WhiteElo "1934"]
[BlackElo "1684"]
[PlyCount "116"]
[EventDate "2018.01.03"]
[EventType "swiss"]
[EventRounds "7"]
[EventCountry "GER"]
[SourceTitle "CBM 182 Extra"]
[Source "ChessBase"]
[SourceDate "2018.02.23"]
[SourceVersion "1"]
[SourceVersionDate "2018.02.23"]
[SourceQuality "1"]

1. e4 e6 2. Nf3 d5 3. e5 c5 4. b4 cxb4 5. a3 b3 6. cxb3 Nc6 7. d4 Nge7 8. Be2 Nf5 9. 0-0 Be7 10. b4 Bd7 11. Bb2 0-0 12. Nbd2 Rc8 13. Nb3 b6 14. Qd2 a5 15. b5 Na7 16. a4 Bb4 17. Qd3 Rc7 18. Rac1 Qb8 19. g4 Ne7 20. Ng5 Ng6 21. f4 h6 22. Nxf7 Kxf7 23. f5 Kg8 24. fxg6 Rxc1 25. Nxc1 Rxf1+ 26. Bxf1 Qf8 27. Ne2 Nc8 28. Bg2 Ne7 29. h4 Be1 30. h5 Qf2+ 31. Kh2 Qh4+ 32. Qh3 Qf2 33. Qf3 Qxf3 34. Bxf3 Bb4 35. Kg2 Kf8 36. Kf2 Ng8 37. Nc1 Ke8 38. Ke2 Be7 39. Nd3 Kd8 40. Bc1 Ke8 41. Bd2 Kf8 42. Nf2 Ke8 43. Nh3 Kf8 44. Kf2 Bh4+ 45. Kg2 Be7 46. Be2 Ke8 47. Kg3 Kf8 48. Bd3 Bc8 49. g5 hxg5 50. Bxg5 Bxg5 51. Nxg5 Nh6 52. Kf4 Ke7 53. Nh3 Kf8 54. Kg5 Ke7 55. Nf2 Bd7 56. Ng4 Nf5 57. Bxf5 exf5 58. Ne3 f4 1-0

[Event "Landesliga Nord 1617"]
[Site "Bayern"]
[Date "2017.04.02"]
[Round "8.8"]
[White "Kuespert, Helmut"]
[Black "Weber, Helmut2222"]
[Result "1/2-1/2"]
[WhiteElo "1910"]
[BlackElo "1563"]
[PlyCount "112"]
[EventDate "2016.10.16"]
[EventType "team-tourn"]
[EventRounds "9"]
[EventCountry "GER"]
[SourceTitle "EXT 2019"]
[Source "ChessBase"]
[SourceDate "2018.10.10"]
[SourceVersion "1"]
[SourceVersionDate "2018.10.10"]
[SourceQuality "1"]
[WhiteTeam "Marktleuthen"]
[BlackTeam "Bad Koetzting"]
[WhiteTeamCountry "GER"]
[BlackTeamCountry "GER"]

1. e4 c6 2. d4 d5 3. Nc3 dxe4 4. f3 exf3 5. Nxf3 Bg4 6. h3 Bxf3 7. Qxf3 e6 8. a3 Qf6 9. Qd3 Nd7 10. Ne4 Qg6 11. Qf3 Ngf6 12. Bd3 Nxe4 13. Bxe4 Qf6 14. Be3 Qxf3 15. Bxf3 Bd6 16. 0-0 0-0 17. c4 Nf6 18. b4 e5 19. dxe5 Bxe5 20. Ra2 Rfd8 21. Rd1 Rxd1+ 22. Bxd1 Rd8 23. Bf3 Bd4 24. Kf2 Bxe3+ 25. Kxe3 Ne8 26. c5 Nc7 27. a4 Nd5+ 28. Bxd5 Rxd5 29. Rc2 f5 30. h4 Kf7 31. g3 h6 32. Rc4 a6 33. Rc1 Kf6 34. Rc4 g5 35. hxg5+ hxg5 36. Rc1 Re5+ 37. Kf3 Re4 38. Rb1 Rc4 39. Rb3 g4+ 40. Ke3 Kg5 41. Kf2 f4 42. gxf4+ Kxf4 43. Rb2 g3+ 44. Kg2 Kg4 45. b5 a5 46. bxc6 bxc6 47. Rd2 Rxc5 48. Rd4+ Kf5 49. Kxg3 Ke5 50. Rh4 Rd5 51. Kf2 Kd6 52. Ke3 c5 53. Rh6+ Kc7 54. Ra6 c4 55. Ke4 Rd8 56. Rxa5 Kc6 1/2-1/2